000 01366nam a2200349Ia 4500
001 ebr10598469
003 CaPaEBR
006 m u
007 cr cn|||||||||
008 921003s1991 gw a sb 000 0 eng d
010 _z 91034845
020 _z3110130254
020 _z9783110130256
020 _z9783110869156
040 _aCaPaEBR
_cCaPaEBR
035 _a(OCoLC)301138422
050 1 4 _aPM50
_b.B6 1991eb
100 1 _aBok-Bennema, Reineke,
_d1946-
245 1 0 _aCase and agreement in Inuit
_h[electronic resource] /
_cReineke Bok-Bennema.
260 _aBerlin ;
_aNew York :
_bForis Publications,
_c1991.
300 _axx, 307 p. :
_bill.
490 0 _aStudies in generative grammar ;
_v38
502 _aThesis (doctoral)--Katholieke Universiteit Brabant, 1991.
504 _aIncludes bibliographical references (p. [301]-307).
533 _aElectronic reproduction.
_bPalo Alto, Calif. :
_cebrary,
_d2011.
_nAvailable via World Wide Web.
_nAccess may be limited to ebrary affiliated libraries.
650 0 _aInuit language
_xCase.
650 0 _aInuit language
_xErgative constructions.
650 0 _aInuit language
_xAgreement.
655 7 _aElectronic books.
_2local
710 2 _aebrary, Inc.
856 4 0 _uhttp://site.ebrary.com/lib/rucke/Doc?id=10598469
_zAn electronic book accessible through the World Wide Web; click to view
999 _c109745
_d109745